Consolidation key as market contracts (Record no. 83760)

MARC details
000 -LEADER
fixed length control field 00774cab a22001815a 4500
001 - CONTROL NUMBER
control field L154963
008 - FIXED-LENGTH DATA ELEMENTS--GENERAL INFORMATION
fixed length control field 120213e20120203xxk 000 0 eng d
035 ## - SYSTEM CONTROL NUMBER
System control number (Sirsi) u154963
041 0# - LANGUAGE CODE
Language code of text/sound track or separate title eng
245 00 - TITLE STATEMENT
Title Consolidation key as market contracts
260 ## - PUBLICATION, DISTRIBUTION, ETC.
Date of publication, distribution, etc. 2012
490 #0 - SERIES STATEMENT
Series statement Property Week
Volume/sequential designation 78(05) 3 February 2012, 38-39(2)
520 ## - SUMMARY, ETC.
Summary, etc. Presents the PropertyData investment league tables for 2011. Jones Lang LaSalle is 2011's big winner after its takeover of King Sturge . Provides top 20 league tables for 2011 and 2010, covering all property, offices, retail, and industrial. All property deals down 13.5% on 2010, office 13%, retail 10%, and industrial 3.3%.
590 ## - LOCAL NOTE (RLIN)
Local note KA
651 #4 - SUBJECT ADDED ENTRY--GEOGRAPHIC NAME
Geographic name United Kingdom
Chronological subdivision
690 ## - LOCAL SUBJECT ADDED ENTRY--TOPICAL TERM (OCLC, RLIN)
Topical term or geographic name as entry element Commercial property
9 (RLIN) 6227
942 ## - ADDED ENTRY ELEMENTS (KOHA)
Suppress in OPAC 0
Holdings
Withdrawn status Lost status Source of classification or shelving scheme Damaged status Not for loan Home library Current library Shelving location Date acquired Total Checkouts Full call number Barcode Date last seen Copy number Price effective from Koha item type
    Dewey Decimal Classification     London London Journal article 13/02/2012   L154963 154963-1001 06/08/2019 1 06/08/2019 Journal article